000 00928nam a22003737a 4500
003 OSt
008 150515b xxu||||| |||| 00| 0 eng d
100 1 _aLindquist, H. L.
041 _aeng
050 0 0 _a383.2135S
245 1 0 _aThe Stamp Specialist
246 1 0 _aYellow Book (Number 7)
260 _aNew York, NY
_bH. L. Lindquist
300 _a135 pages
650 0 _aGeneral
650 0 _aUS Classic Issues
650 0 _aUS 1847 Issue
650 0 _aUS Civil War
650 0 _aConfederate states
650 0 _aPOW Covers
650 0 _aFlag of Truce Covers
650 0 _aIndependent Mail Carriers
650 0 _aPostal History
650 0 _aAutaugaville Alabama
650 0 _aNorway
650 0 _aFrance
650 0 _aGreat Britain
650 0 _aFinland
650 0 _aCanada
650 0 _aGuatemala
650 0 _aUs 1861 Issue
650 0 _aPremieres gravures
650 0 _aCensus of Philatelists
999 _c1464
_d1464